000 00723nab a2200193 4500
001 244442
003 OSt
005 20250905090506.0
007 tu
008 200917s2020|||||||
040 _aDE-2950
_cDE-2950
245 0 0 _aKunst am Bau und die Ostmoderne
_bDenkmalschutz. Kaum irgendwo in Brandenburg wurden so viele Bauten und Straßen aus DDR-Zeiten gesichert wie in Frankfurt. Kulturministerin Manja Schüle und Inframinister Detlef Tabbert besuchten gemeinsam die Oderstadt/
_cInes Weber-Rath
264 _c2024
653 _aFrankfurt (Oder)
653 _aDenkmalschutz
653 _aOstmoderne
773 0 _g36. Jahrgang (2025) Nr. 200 vom 28.08.2025, S. 15 mit Foto
_tMärkische Oderzeitung
942 _2z
_cA
999 _c373981
_d373981